Era bom que trocássemos umas ideias sobre o assunto (Registo nº 195)

Detalhes MARC
000 -Etiqueta do registo
Cabeçalho 00711nam0a2200241 4500
005 - Identificador da versão
Campo de controlo 20240813121756.0
010 ## - Número internacional normalizado dos livros (ISBN)
Número (ISBN) 8481305545
021 ## - Número do Depósito Legal
Código do país PT
Número B. 32 670-2002
100 ## - Dados gerais de processamento
Dados gerais de processamento 20150313d2002 a e0pory5003 ba
102 ## - Pais de publicação ou produção
País de publicação Portugal
101 0# - Língua de publicação
Língua do texto, banda sonora, etc. Português
215 ## - Descrição física 
Indicação específica da natureza do documento e extensão da espécie 222, [1] p
200 1# - Titulo e menção de responsabilidade
Título próprio Era bom que trocássemos umas ideias sobre o assunto
Primeira menção de responsabilidade Mário de Carvalho
225 2# - Colecção 
Título próprio da colecção Mil folhas
Indicação de volume 19
210 ## - Publicação, Distribuição, etc. 
Lugar da edição, distribuição, etc. Porto
Nome do editor, distribuidor, etc. Público Comunicação Social
Data da publicação, distribuição, etc. cop. 2002
606 ## - Nome comum usado como assunto
Número de registo de entrada de autoridade 0002005
Palavra de ordem Literatura portuguesa
Subdivisão de assunto Romance
Código do sistema CA
675 ## - Classificação Decimal Universal (CDU)
Notação 821.134.3-31
Edição 3ª ed.
Língua da edição por
700 #1 - Nome de autor-pessoa física (responsabilidade principal)
Número de registo de entrada de autoridade 0001856
Palavra de ordem Carvalho
Outra parte do nome não tomada para palavra de ordem Mário de
Datas 1944-
966 ## - Identificação da Biblioteca
Sigla EB2,3ENM
942 ## - Elementos de entrada adicionados (Koha)
Tipo de item no Koha Livro
Exemplares
Situação do levantamento Origin of item (home branch) (coded) Biblioteca de empréstimo Código de barras Cota Circulation type (not for loan) Tipo de documento Nota do exemplar Damaged status
  Biblioteca Escolar Eng. Nuno Mergulhão Biblioteca Escolar Eng. Nuno Mergulhão BENM502 82LP-3 CAR   Livro Sem mensagem